Advanced law lexicon: (Record no. 181381)

MARC details
000 -LEADER
fixed length control field 00980nam a22002177a 4500
005 - DATE AND TIME OF LATEST TRANSACTION
control field 20210909160401.0
010 ## - LCCN (DPL NO)
LC control number ENG-129901-129903
020 ## - INTERNATIONAL STANDARD BOOK NUMBER
International Standard Book Number 978-93-8854-837-3
Terms of availability 8038.00( vol.4)
035 ## - SYSTEM CONTROL NUMBER
System control number EN-113433 -36
037 ## - SOURCE OF ACQUISITION
Source of stock number/acquisition DBAD/PUB
082 ## - DEWEY DECIMAL CLASSIFICATION NUMBER
Classification number 349.5403
100 ## - MAIN ENTRY--PERSONAL NAME
Personal name Aiyar,P Ramanatha
245 ## - TITLE STATEMENT
Title Advanced law lexicon:
Statement of responsibility, etc P Ramanatha Aiyar, co Author by Shakil Ahmad Khan
Remainder of title The encyclopaedic law dictionary with words & Phrases legal maxims and latin terms/
250 ## - EDITION STATEMENT
Edition statement 6th ed.
260 ## - PUBLICATION, DISTRIBUTION, ETC. (IMPRINT)
Name of publisher, distributor, etc Lexis Nexis
Place of publication, distribution, etc India
Date of publication, distribution, etc 2019
270 ## - ADDRESS
City Gurgaon
Postal code 122002
Address 14th Floor , Building No 10, Tower-B, DLF Cyber City, phase -ll
Telephone number +91 124 4774444
Fax number +91 124 4774100
Electronic mail address help.in@lexisnexis.com
300 ## - PHYSICAL DESCRIPTION
Extent cii.6045p.
Dimensions 25cm(hbk)
Other physical details vol.1-4
500 ## - GENERAL NOTE
General note vol.1(A-C)<br/>vol.2(D-1)<br/>vol.3(J-P)<br/>vol.4(Q-Z)<br/><br/><br/><br/><br/><br/><br/><br/><br/><br/><br/><br/><br/><br/><br/><br/><br/><br/><br/><br/><br/><br/><br/><br/><br/><br/><br/><br/><br/><br/><br/><br/><br/><br/><br/><br/><br/><br/><br/><br/><br/><br/><br/><br/><br/><br/>
700 ## - ADDED ENTRY--PERSONAL NAME
Personal name Shakil Ahmad Khan
942 ## - ADDED ENTRY ELEMENTS (KOHA)
Source of classification or shelving scheme Dewey Decimal Classification
Item type English Books
Classification part 349.5403
Call number suffix AIY
Holdings
Withdrawn status Lost status Materials specified (bound volume or other part) Not for loan Collection code Home library Current library Date acquired Source of acquisition Cost, normal purchase price Full call number Barcode Copy number Cost, replacement price Koha item type
    vol.1   Reference Central Library Central Library 09/09/2021 DBAD/PUB 2009.50 349.5403 AIY EN-113433 1 2009.50 English Books
    vol.2   Reference Central Library Central Library 09/09/2021 DBAD/PUB 2009.50 349.5403 AIY EN-113434 1 2009.50 English Books
    vol.3   Reference Central Library Central Library 09/09/2021 DBAD/PUB 2009.50 349.5403 AIY EN-113435 1 2009.50 English Books
    vol.4   Reference Central Library Central Library 09/09/2021 DBAD/PUB 2009.50 349.5403 AIY EN-113436 1 2009.50 English Books

© Delhi Public Library
Hit Counter
free hit counter